| 000 | 00593nam a2200217Ia 4500 | ||
|---|---|---|---|
| 005 | 20230810112308.0 | ||
| 008 | 131103s9999 xx 000 0 und d | ||
| 040 | _aLoreto College | ||
| 041 | _aEnglish | ||
| 082 |
_a920 _bSEV-BIR |
||
| 100 | _aBirkenhead,Sheila | ||
| 245 |
_aAgainst Oblivision _b the life of Joseph Severn _cSheila Birkenhead |
||
| 250 | _a2nd ed. | ||
| 260 |
_aLondon _bCassell _c244 p. |
||
| 300 |
_aillus. _b 22 cm. |
||
| 504 | _aIncludes bibliographical references and index | ||
| 650 | _aSevern,Joseph | ||
| 651 | _aBiography | ||
| 850 | _aLCLIB | ||
| 942 | _cBK | ||
| 999 |
_c13944 _d64423 |
||